000 00471nab a2200145Ia 4500
003 ES-SlBCS
005 20210601134623.0
008 140529s1987 xxu||||| |||| 00| 0 spa d
041 _aspa
100 1 _aDuplá, Francisco Javier
_977049
245 0 0 _aLa Educación Básica: difícil conjunción de lo ideal y lo posible
_c Francisco Javier Duplá
650 0 4 _aEducación Básica
_9194650
773 0 _tAnthropos
_gvol. 8, nº. 15, 1987, págs. 75-84
_wRev38
942 _cAR
999 _c615419
_d615419